[Event "Deutsche Ländermeisterschaft 2019"]
[Site "Würzburg GER"]
[Date "2019.10.02"]
[Round "1"]
[White "Visvikis, Kassandra"]
[Black "Haug, Mara"]
[Result "1/2-1/2"]
[Termination "normal"]
[Board "9.8"]
[WhiteElo "1531"]
[BlackElo "1508"]
[WhiteTeam "Baden 1"]
[BlackTeam "Baden 2"]
[PlyCount "61"]
[WhiteFideId "36052167"]
[BlackFideId "16259300"]
[EventCountry "GER"]
[EventRounds "7"]
[EventType "team-swiss"]
[EventDate "2019.10.01"]

1. e4 e5 2. Nf3 Nc6 3. Bb5 Nf6 4. O-O d6 5. Re1 Be7 6. d4 Bd7 7. Nc3 exd4 8.
Nxd4 O-O 9. h3 h6 10. Be3 Nh7 11. Nf5 Ng5 12. Bd3 Bf6 13. Rb1 Re8 14. Bd2 Nb4
15. Bc4 Be6 16. Nd5 Nxd5 17. Bxd5 c6 18. Bxe6 fxe6 19. Bxg5 exf5 20. Bxf6 Qxf6
21. exf5 d5 22. g4 Rf8 23. Re6 Qh4 24. Qf3 h5 25. Qg3 Qg5 26. gxh5 Rxf5 27. Rg6
Qxg3+ 28. fxg3 Rxh5 29. h4 Re8 30. Rg4 Re2 31. Rc1 1/2-1/2

[Event "Deutsche Ländermeisterschaft 2019"]
[Site "Würzburg GER"]
[Date "2019.10.02"]
[Round "1"]
[White "Muckle, Julius"]
[Black "Jeschke, Jan"]
[Result "1-0"]
[Termination "normal"]
[Board "10.1"]
[WhiteTitle "FM"]
[WhiteElo "2398"]
[BlackElo "1863"]
[WhiteTeam "Rheinland-Pfalz"]
[BlackTeam "Saarland"]
[PlyCount "85"]
[WhiteFideId "12942430"]
[BlackFideId "16225430"]
[EventCountry "GER"]
[EventRounds "7"]
[EventType "team-swiss"]
[EventDate "2019.10.01"]

1. d4 Nf6 2. c4 e6 3. Nc3 Bb4 4. e3 O-O 5. Bd3 d5 6. Nf3 c6 7. O-O Nbd7 8. Bd2
Qe7 9. Qc2 e5 10. dxe5 Nxe5 11. Nxe5 Qxe5 12. Nxd5 cxd5 13. Bxb4 Ng4 14. g3 Qh5
15. h4 Ne5 16. Be2 Bg4 17. f3 Bxf3 18. Bxf3 Nxf3+ 19. Kg2 Nxh4+ 20. gxh4 Qg4+
21. Kh1 Qxh4+ 22. Qh2 Qe4+ 23. Qg2 Rfe8 24. Qxe4 Rxe4 25. Rad1 a5 26. Bc3 Ra6
27. Rxd5 h6 28. Kg2 Rxc4 29. Rd8+ Kh7 30. Rxf7 Rg6+ 31. Kf3 b5 32. Bxa5 Rc2 33.
Rdd7 h5 34. Bc3 Rcg2 35. Rf5 R6g3+ 36. Ke4 Rg4+ 37. Kd3 b4 38. Bd4 Kg6 39. Rb5
Kh6 40. Rxb4 h4 41. Bxg7+ Kh5 42. Rxg4 Kxg4 43. Rd4+ 1-0

[Event "Deutsche Ländermeisterschaft 2019"]
[Site "Würzburg GER"]
[Date "2019.10.02"]
[Round "1"]
[White "Zha, Kevin"]
[Black "Karsay, Pascal"]
[Result "0-1"]
[Termination "normal"]
[Board "10.2"]
[BlackTitle "FM"]
[WhiteElo "1923"]
[BlackElo "2276"]
[WhiteTeam "Saarland"]
[BlackTeam "Rheinland-Pfalz"]
[PlyCount "64"]
[WhiteFideId "16208951"]
[BlackFideId "12953474"]
[EventCountry "GER"]
[EventRounds "7"]
[EventType "team-swiss"]
[EventDate "2019.10.01"]

1. e4 e5 2. Nf3 Nc6 3. d4 exd4 4. Nxd4 Nf6 5. Nxc6 bxc6 6. e5 Qe7 7. Qe2 Nd5 8.
h4 f6 9. c4 Ba6 10. Rh3 fxe5 11. Bg5 Nf6 12. Re3 O-O-O 13. Rxe5 Qf7 14. Nd2 d5
15. O-O-O h6 16. Bxf6 gxf6 17. Re3 f5 18. Qf3 Bb4 19. Re5 Rhe8 20. Rxe8 Rxe8
21. Nb3 Bd6 22. Bd3 Re5 23. c5 Bxd3 24. Qxd3 Be7 25. Qa6+ Kd7 26. Nd4 Qf6 27.
f4 Re4 28. Nf3 Rxf4 29. Qd3 Bxc5 30. g3 Re4 31. g4 Re3 32. Qf1 fxg4 0-1

[Event "Deutsche Ländermeisterschaft 2019"]
[Site "Würzburg GER"]
[Date "2019.10.02"]
[Round "1"]
[White "Musiolik, David"]
[Black "Chassard, Cedric"]
[Result "1/2-1/2"]
[Termination "normal"]
[Board "10.3"]
[WhiteElo "2195"]
[BlackElo "1929"]
[WhiteTeam "Rheinland-Pfalz"]
[BlackTeam "Saarland"]
[PlyCount "135"]
[WhiteFideId "12972355"]
[BlackFideId "16243536"]
[EventCountry "GER"]
[EventRounds "7"]
[EventType "team-swiss"]
[EventDate "2019.10.01"]

1. e4 e5 2. Nf3 Nc6 3. Bb5 a6 4. Ba4 Nf6 5. O-O Be7 6. Re1 b5 7. Bb3 d6 8. c3
O-O 9. h3 Nb8 10. d4 Nbd7 11. Nbd2 Bb7 12. Bc2 Re8 13. Nf1 Bf8 14. Ng3 g6 15.
b3 Bg7 16. Bb2 Nb6 17. Qd3 c5 18. Rad1 Rc8 19. dxe5 dxe5 20. Bc1 Nfd7 21. Be3
Qc7 22. Qd6 Qxd6 23. Rxd6 Rc6 24. Rd2 Nf8 25. Red1 Ne6 26. Rd6 Rec8 27. Ng5
Nxg5 28. Bxg5 Rxd6 29. Rxd6 Rc6 30. Rd8+ Bf8 31. Re8 Rc8 32. Rxc8 Bxc8 33. Nf1
Bd6 34. Ne3 Be6 35. Bd8 Nd7 36. Bd3 Kf8 37. c4 Ke8 38. Ba5 b4 39. Nd5 Nb8 40.
g4 Nc6 41. Bc7 Bxc7 42. Nxc7+ Kd7 43. Nd5 h6 44. Kg2 Ne7 45. Kg3 g5 46. Nf6+
Kd6 47. Bc2 Ng6 48. Ng8 Nf4 49. Nxh6 Ne2+ 50. Kh2 f6 51. h4 gxh4 52. Kh3 Ke7
53. Kxh4 Nf4 54. Kg3 Ne2+ 55. Kh4 Nf4 56. f3 Ng6+ 57. Kg3 Nf4 58. Kf2 Nh3+ 59.
Ke3 Nf4 60. Bd3 Ng2+ 61. Kf2 Nf4 62. Bf1 Ng6 63. Ke3 Nf4 64. Nf5+ Bxf5 65. exf5
Kf7 66. Ke4 Kg7 67. g5 Kf7 68. g6+ 1/2-1/2

[Event "Deutsche Ländermeisterschaft 2019"]
[Site "Würzburg GER"]
[Date "2019.10.02"]
[Round "1"]
[White "Müller, Maximilian"]
[Black "Boder, Jan"]
[Result "1/2-1/2"]
[Termination "normal"]
[Board "10.4"]
[WhiteElo "1682"]
[BlackElo "2087"]
[WhiteTeam "Saarland"]
[BlackTeam "Rheinland-Pfalz"]
[PlyCount "74"]
[WhiteFideId "16243552"]
[BlackFideId "16243226"]
[EventCountry "GER"]
[EventRounds "7"]
[EventType "team-swiss"]
[EventDate "2019.10.01"]

1. d4 Nf6 2. c4 c5 3. d5 b5 4. cxb5 a6 5. Nc3 axb5 6. Nxb5 Ba6 7. Nc3 g6 8. Nf3
Bg7 9. g3 O-O 10. Bg2 d6 11. O-O Nbd7 12. Re1 Ng4 13. Qc2 Qb6 14. h3 Nge5 15.
b3 Rfb8 16. Rb1 Qb4 17. Bd2 c4 18. Nxe5 Nxe5 19. Nd1 cxb3 20. Rxb3 Qc4 21. Qxc4
Bxc4 22. Rxb8+ Rxb8 23. a3 h6 24. Bb4 Ba6 25. Ne3 Rc8 26. f4 Nc4 27. Nxc4 Rxc4
28. e3 Rc2 29. Be4 Rc8 30. g4 Rc4 31. Bf3 Rc2 32. Be4 Rc4 33. Bf3 Bc3 34. Rc1
Bd4 35. Re1 Bc3 36. Rc1 Bd4 37. Re1 Bc3 1/2-1/2

[Event "Deutsche Ländermeisterschaft 2019"]
[Site "Würzburg GER"]
[Date "2019.10.02"]
[Round "1"]
[White "Reitz, Theresa"]
[Black "Unbehend, Marius"]
[Result "1-0"]
[Termination "normal"]
[Board "10.5"]
[WhiteElo "1935"]
[BlackElo "1461"]
[WhiteTeam "Rheinland-Pfalz"]
[BlackTeam "Saarland"]
[PlyCount "53"]
[WhiteFideId "12971901"]
[BlackFideId "16214420"]
[EventCountry "GER"]
[EventRounds "7"]
[EventType "team-swiss"]
[EventDate "2019.10.01"]

1. e4 e6 2. d4 d5 3. Nd2 Nf6 4. e5 Nfd7 5. f4 c5 6. c3 Nc6 7. Ndf3 cxd4 8. cxd4
Bb4+ 9. Bd2 Qe7 10. Bd3 Nb6 11. Rc1 Bxd2+ 12. Qxd2 Qb4 13. Ne2 Qxd2+ 14. Nxd2
Bd7 15. a3 Ke7 16. O-O g6 17. b4 Rhd8 18. g4 Rg8 19. Nb3 Rab8 20. Ng3 h5 21.
gxh5 gxh5 22. Kh1 h4 23. Nh5 Rbf8 24. Nf6 Rg7 25. b5 Nd8 26. Rc7 Rh8 27. Nc5
1-0

[Event "Deutsche Ländermeisterschaft 2019"]
[Site "Würzburg GER"]
[Date "2019.10.02"]
[Round "1"]
[White "Fuchs, Emily"]
[Black "Metzdorf, Matteo"]
[Result "0-1"]
[Termination "normal"]
[Board "10.6"]
[WhiteElo "1490"]
[BlackElo "1862"]
[WhiteTeam "Saarland"]
[BlackTeam "Rheinland-Pfalz"]
[PlyCount "64"]
[WhiteFideId "16208986"]
[BlackFideId "16209869"]
[EventCountry "GER"]
[EventRounds "7"]
[EventType "team-swiss"]
[EventDate "2019.10.01"]

1. e4 c5 2. d4 cxd4 3. c3 dxc3 4. Nxc3 Nc6 5. Nf3 d6 6. Bc4 Nf6 7. Bf4 Bg4 8.
O-O a6 9. Qd3 Nh5 10. Bg3 Nxg3 11. fxg3 e6 12. Rad1 Qc7 13. Qe3 Bxf3 14. gxf3
d5 15. exd5 Ne5 16. Qf4 Qc5+ 17. Rd4 Nxc4 18. Na4 Qa7 19. dxe6 fxe6 20. Kh1 b5
21. Re1 e5 22. Qe4 Rc8 23. b3 Be7 24. Rd5 Nb6 25. Nxb6 Qxb6 26. Qxe5 Qf6 27.
Qe4 Rc7 28. Re5 Kd8 29. Qa8+ Rc8 30. Rd5+ Bd6 31. Qxa6 Qxf3+ 32. Kg1 Qxd5 0-1

[Event "Deutsche Ländermeisterschaft 2019"]
[Site "Würzburg GER"]
[Date "2019.10.02"]
[Round "1"]
[White "Yue, Qizhou"]
[Black "Huppert, Anna"]
[Result "1-0"]
[Termination "normal"]
[Board "10.7"]
[WhiteElo "1810"]
[BlackElo "1516"]
[WhiteTeam "Rheinland-Pfalz"]
[BlackTeam "Saarland"]
[PlyCount "63"]
[WhiteFideId "16273800"]
[BlackFideId "16214439"]
[EventCountry "GER"]
[EventRounds "7"]
[EventType "team-swiss"]
[EventDate "2019.10.01"]

1. e4 e6 2. d4 d5 3. Nd2 Nf6 4. e5 Nfd7 5. f4 c5 6. c3 Nc6 7. Ndf3 Be7 8. Bd3
cxd4 9. cxd4 f6 10. Ne2 Nb4 11. Bb1 b6 12. a3 Nc6 13. O-O Ba6 14. Re1 Bxe2 15.
Qxe2 O-O 16. Qc2 f5 17. Qxc6 Kh8 18. Qxe6 g6 19. Qxd5 Rc8 20. Bd2 a6 21. Bb4 b5
22. Bxe7 Qxe7 23. Bd3 Rfd8 24. Qb3 Nb6 25. Rac1 Rxc1 26. Rxc1 Qb7 27. Be2 Nd5
28. g3 Qb6 29. Qc2 Qb7 30. Qc6 Qa7 31. Rc5 Qf7 32. e6 1-0

[Event "Deutsche Ländermeisterschaft 2019"]
[Site "Würzburg GER"]
[Date "2019.10.02"]
[Round "2"]
[White "Sulayev, Daniel"]
[Black "Dahl, Christoph"]
[Result "1/2-1/2"]
[Termination "normal"]
[Board "1.3"]
[WhiteElo "2149"]
[BlackElo "2178"]
[WhiteClock "00:28:09"]
[BlackClock "00:36:15"]
[WhiteTeam "Berlin"]
[BlackTeam "Sachsen"]
[PlyCount "111"]
[WhiteFideId "12977675"]
[BlackFideId "16240235"]
[EventCountry "GER"]
[EventRounds "7"]
[EventType "team-swiss"]
[EventDate "2019.10.01"]

1. b3 {[%clk 1:30:42]} e5 {[%clk 1:30:46]} 2. Bb2 {[%clk 1:29:20]} Nc6 {[%clk
1:31:06]} 3. e3 {[%clk 1:29:31]} Nf6 {[%clk 1:30:47]} 4. Bb5 {[%clk 1:29:37]}
d6 {[%clk 1:30:24]} 5. Ne2 {[%clk 1:29:15]} Be7 {[%clk 1:30:02]} 6. d4 {[%clk
1:28:29]} exd4 {[%clk 1:29:56]} 7. Nxd4 {[%clk 1:28:42]} Bd7 {[%clk 1:29:18]}
8. O-O {[%clk 1:26:35]} O-O {[%clk 1:28:56]} 9. Nxc6 {[%clk 1:20:19]} bxc6
{[%clk 1:28:11]} 10. Be2 {[%clk 1:20:28]} d5 {[%clk 1:24:17]} 11. Nd2 {[%clk
1:18:57]} Rb8 {[%clk 1:19:52]} 12. c4 {[%clk 1:15:51]} Be6 {[%clk 1:18:28]} 13.
Qc2 {[%clk 1:12:58]} Qd7 {[%clk 1:16:53]} 14. Bd3 {[%clk 1:11:33]} Rfd8 {[%clk
1:08:45]} 15. Nf3 {[%clk 1:04:32]} dxc4 {[%clk 1:08:56]} 16. Bxc4 {[%clk
1:04:48]} Bxc4 {[%clk 1:05:49]} 17. Qxc4 {[%clk 1:03:37]} Qd5 {[%clk 1:04:22]}
18. Rac1 {[%clk 1:02:35]} Rb6 {[%clk 0:58:49]} 19. Qxd5 {[%clk 1:01:38]} Nxd5
{[%clk 0:58:46]} 20. Rfd1 {[%clk 0:59:40]} c5 {[%clk 0:34:29]} 21. e4 {[%clk
0:44:09]} Nb4 {[%clk 0:33:03]} 22. Rxd8+ {[%clk 0:44:30]} Bxd8 {[%clk 0:33:32]}
23. Rxc5 {[%clk 0:43:30]} Nxa2 {[%clk 0:30:56]} 24. Ra5 {[%clk 0:43:00]} Rd6
{[%clk 0:25:47]} 25. h3 {[%clk 0:42:26]} Nc1 {[%clk 0:24:54]} 26. Bxc1 {[%clk
0:40:25]} Rd1+ {[%clk 0:25:17]} 27. Kh2 {[%clk 0:40:38]} Rxc1 {[%clk 0:25:45]}
28. Rxa7 {[%clk 0:40:45]} f6 {[%clk 0:25:40]} 29. Ra8 {[%clk 0:34:26]} Rd1
{[%clk 0:25:57]} 30. e5 {[%clk 0:31:47]} Kf7 {[%clk 0:26:10]} 31. Ra7 {[%clk
0:30:57]} Rc1 {[%clk 0:25:14]} 32. Ra4 {[%clk 0:25:35]} Rc3 {[%clk 0:23:42]}
33. Rc4 {[%clk 0:16:47]} Rxc4 {[%clk 0:19:52]} 34. bxc4 {[%clk 0:17:15]} c5
{[%clk 0:17:54]} 35. Kg3 {[%clk 0:14:55]} Bc7 {[%clk 0:16:02]} 36. Kf4 {[%clk
0:14:56]} Ke6 {[%clk 0:14:04]} 37. Ke4 {[%clk 0:13:49]} f5+ {[%clk 0:13:29]}
38. Kf4 {[%clk 0:13:30]} h6 {[%clk 0:13:01]} 39. h4 {[%clk 0:13:00]} g6 {[%clk
0:12:18]} 40. g3 {[%clk 0:11:42]} Ba5 {[%clk 0:09:53]} 41. g4 {[%clk 0:10:06]}
Bc3 {[%clk 0:09:59]} 42. gxf5+ {[%clk 0:04:32]} gxf5 {[%clk 0:10:28]} 43. h5
{[%clk 0:04:36]} Bb2 {[%clk 0:10:27]} 44. Ke3 {[%clk 0:02:29]} Bc1+ {[%clk
0:09:55]} 45. Kd3 {[%clk 0:02:31]} Bf4 {[%clk 0:10:18]} 46. Kc3 {[%clk
0:02:00]} Bxe5+ {[%clk 0:10:28]} 47. Kd3 {[%clk 0:00:38]} Bf6 {[%clk 0:09:28]}
48. Ke3 {[%clk 0:00:35]} Bg5+ {[%clk 0:08:47]} 49. Kd3 {[%clk 0:01:01]} Kf6
{[%clk 0:08:17]} 50. Ng1 {[%clk 0:30:08]} Ke5 {[%clk 0:37:34]} 51. Ne2 {[%clk
0:27:06]} f4 {[%clk 0:36:27]} 52. f3 {[%clk 0:27:14]} Bh4 {[%clk 0:36:35]} 53.
Nc3 {[%clk 0:27:35]} Be1 {[%clk 0:35:30]} 54. Ne4 {[%clk 0:27:34]} Bb4 {[%clk
0:35:53]} 55. Nf2 {[%clk 0:27:43]} Kf5 {[%clk 0:36:15]} 56. Ne4 {[%clk
0:28:09]} 1/2-1/2

[Event "Deutsche Ländermeisterschaft 2019"]
[Site "Würzburg GER"]
[Date "2019.10.02"]
[Round "2"]
[White "Roseneck, Jonas"]
[Black "Nothnagel, Marian Can"]
[Result "1-0"]
[Termination "normal"]
[Board "2.1"]
[WhiteTitle "FM"]
[BlackTitle "FM"]
[WhiteElo "2402"]
[BlackElo "2376"]
[WhiteClock "00:22:33"]
[BlackClock "00:40:01"]
[WhiteTeam "Sachsen-Anhalt"]
[BlackTeam "Hessen"]
[PlyCount "85"]
[WhiteFideId "12939870"]
[BlackFideId "12921530"]
[EventCountry "GER"]
[EventRounds "7"]
[EventType "team-swiss"]
[EventDate "2019.10.01"]

1. e4 {[%clk 1:30:58]} e5 {[%clk 1:30:55]} 2. Nf3 {[%clk 1:31:24]} d6 {[%clk
1:31:23]} 3. d4 {[%clk 1:31:50]} exd4 {[%clk 1:31:50]} 4. Nxd4 {[%clk 1:32:16]}
Nf6 {[%clk 1:32:18]} 5. Nc3 {[%clk 1:32:41]} Be7 {[%clk 1:32:45]} 6. g3 {[%clk
1:33:06]} Nc6 {[%clk 1:33:13]} 7. Bg2 {[%clk 1:32:33]} O-O {[%clk 1:33:34]} 8.
O-O {[%clk 1:32:49]} Bg4 {[%clk 1:33:48]} 9. Nxc6 {[%clk 1:33:10]} bxc6 {[%clk
1:34:15]} 10. Qd2 {[%clk 1:31:33]} Qd7 {[%clk 1:32:28]} 11. Re1 {[%clk
1:31:08]} Bh3 {[%clk 1:27:32]} 12. Bh1 {[%clk 1:29:11]} Rad8 {[%clk 1:19:22]}
13. b3 {[%clk 1:20:09]} d5 {[%clk 1:14:37]} 14. Bb2 {[%clk 1:17:00]} Rfe8
{[%clk 1:06:09]} 15. e5 {[%clk 0:44:49]} Ng4 {[%clk 1:06:34]} 16. Na4 {[%clk
0:44:32]} Qf5 {[%clk 0:56:37]} 17. f3 {[%clk 0:42:34]} Nh6 {[%clk 0:57:00]} 18.
Qf2 {[%clk 0:42:57]} Qg6 {[%clk 0:55:35]} 19. Bg2 {[%clk 0:39:03]} Bxg2 {[%clk
0:53:07]} 20. Kxg2 {[%clk 0:39:28]} Nf5 {[%clk 0:52:49]} 21. Rad1 {[%clk
0:36:32]} c5 {[%clk 0:50:59]} 22. Kh1 {[%clk 0:31:55]} Qc6 {[%clk 0:49:00]} 23.
Ba3 d4 {[%clk 0:48:14]} 24. Bc1 {[%clk 0:25:03]} c4 {[%clk 0:33:53]} 25. Nb2
{[%clk 0:23:09]} cxb3 {[%clk 0:34:17]} 26. axb3 {[%clk 0:20:47]} Bc5 {[%clk
0:28:38]} 27. Rd3 {[%clk 0:13:14]} Ne3 {[%clk 0:25:28]} 28. Bxe3 {[%clk
0:12:50]} dxe3 {[%clk 0:25:56]} 29. Qg2 {[%clk 0:13:11]} Rxd3 {[%clk 0:24:43]}
30. Nxd3 {[%clk 0:13:40]} Bb6 {[%clk 0:25:06]} 31. Re2 {[%clk 0:07:11]} Qc3
{[%clk 0:24:29]} 32. Qf1 {[%clk 0:07:05]} Qd4 {[%clk 0:23:10]} 33. Qb1 {[%clk
0:04:58]} Rd8 {[%clk 0:20:40]} 34. Kg2 {[%clk 0:04:20]} Qd5 {[%clk 0:19:54]}
35. Qa1 {[%clk 0:03:58]} g5 {[%clk 0:19:50]} 36. Qa4 {[%clk 0:03:49]} Bd4
{[%clk 0:19:43]} 37. Nb4 {[%clk 0:02:01]} Qa8 {[%clk 0:17:58]} 38. Nc6 {[%clk
0:02:00]} g4 {[%clk 0:18:22]} 39. fxg4 {[%clk 0:01:19]} Bb6 {[%clk 0:18:31]}
40. Qe4 {[%clk 0:00:34]} Kf8 {[%clk 0:16:04]} 41. Kh3 {[%clk 0:23:31]} Rd2
{[%clk 0:45:15]} 42. e6 {[%clk 0:22:10]} Rxe2 {[%clk 0:40:01]} 43. Qxh7 {[%clk
0:22:33]} 1-0

[Event "Deutsche Ländermeisterschaft 2019"]
[Site "Würzburg GER"]
[Date "2019.10.02"]
[Round "2"]
[White "Krastev, Alexander"]
[Black "Sieber, Fiona"]
[Result "1/2-1/2"]
[Termination "normal"]
[Board "2.2"]
[WhiteTitle "FM"]
[BlackTitle "WIM"]
[WhiteElo "2343"]
[BlackElo "2228"]
[WhiteClock "00:04:26"]
[BlackClock "00:03:03"]
[WhiteTeam "Hessen"]
[BlackTeam "Sachsen-Anhalt"]
[PlyCount "69"]
[WhiteFideId "12989983"]
[BlackFideId "12902373"]
[EventCountry "GER"]
[EventRounds "7"]
[EventType "team-swiss"]
[EventDate "2019.10.01"]

1. e4 {[%clk 1:30:58]} c5 {[%clk 1:30:56]} 2. Nf3 {[%clk 1:31:22]} d6 {[%clk
1:31:23]} 3. Bb5+ {[%clk 1:31:48]} Nd7 {[%clk 1:31:48]} 4. O-O {[%clk 1:32:13]}
a6 {[%clk 1:32:13]} 5. Bd3 {[%clk 1:32:39]} Ngf6 {[%clk 1:32:35]} 6. Re1 {[%clk
1:33:04]} b5 {[%clk 1:32:35]} 7. c4 {[%clk 1:33:28]} g5 {[%clk 1:30:26]} 8.
Nxg5 {[%clk 1:32:02]} Ne5 {[%clk 1:30:13]} 9. Be2 {[%clk 1:30:59]} bxc4 {[%clk
1:28:24]} 10. Bxc4 {[%clk 1:26:01]} Nxc4 {[%clk 1:26:16]} 11. Qa4+ {[%clk
1:26:25]} Nd7 {[%clk 1:26:42]} 12. Qxc4 {[%clk 1:26:04]} Ne5 {[%clk 1:27:05]}
13. Qc3 {[%clk 0:56:09]} Rg8 {[%clk 1:18:57]} 14. f4 {[%clk 0:53:13]} Nc6
{[%clk 1:09:21]} 15. d3 {[%clk 0:49:04]} Nd4 {[%clk 0:59:30]} 16. Qc4 {[%clk
0:37:22]} e6 {[%clk 0:56:42]} 17. Nd2 {[%clk 0:37:37]} Rb8 {[%clk 0:49:21]} 18.
Qa4+ {[%clk 0:33:04]} Bd7 {[%clk 0:48:47]} 19. Qd1 {[%clk 0:33:30]} h6 {[%clk
0:43:49]} 20. Ngf3 {[%clk 0:32:40]} Bg7 {[%clk 0:42:49]} 21. Nc4 {[%clk
0:30:55]} Bb5 {[%clk 0:36:01]} 22. e5 {[%clk 0:25:18]} dxe5 {[%clk 0:31:36]}
23. fxe5 {[%clk 0:25:42]} Bc6 {[%clk 0:30:40]} 24. Nd6+ {[%clk 0:23:23]} Qxd6
{[%clk 0:24:16]} 25. exd6 {[%clk 0:23:27]} Nxf3+ {[%clk 0:24:32]} 26. gxf3
{[%clk 0:22:59]} Bxb2+ {[%clk 0:23:59]} 27. Kf1 {[%clk 0:15:29]} Bxa1 {[%clk
0:24:06]} 28. Be3 {[%clk 0:10:50]} Bc3 {[%clk 0:21:09]} 29. Re2 {[%clk
0:11:06]} Bxf3 {[%clk 0:10:40]} 30. Qa4+ {[%clk 0:11:28]} Kd8 {[%clk 0:10:29]}
31. Rc2 {[%clk 0:09:31]} Rb1+ {[%clk 0:04:57]} 32. Rc1 {[%clk 0:03:07]} Rxc1+
{[%clk 0:03:06]} 33. Bxc1 {[%clk 0:03:33]} Bd4 {[%clk 0:02:42]} 34. Qa5+ {[%clk
0:03:59]} Ke8 {[%clk 0:03:03]} 35. Qa4+ {[%clk 0:04:26]} 1/2-1/2

[Event "Deutsche Ländermeisterschaft 2019"]
[Site "Würzburg GER"]
[Date "2019.10.02"]
[Round "2"]
[White "Stockmann, Till"]
[Black "Haack, Kevin"]
[Result "1/2-1/2"]
[Termination "normal"]
[Board "2.5"]
[WhiteElo "1884"]
[BlackElo "2044"]
[WhiteClock "00:36:36"]
[BlackClock "00:12:10"]
[WhiteTeam "Sachsen-Anhalt"]
[BlackTeam "Hessen"]
[PlyCount "169"]
[WhiteFideId "12979341"]
[BlackFideId "16228715"]
[EventCountry "GER"]
[EventRounds "7"]
[EventType "team-swiss"]
[EventDate "2019.10.01"]

1. e4 {[%clk 1:30:58]} c5 {[%clk 1:30:55]} 2. Nf3 {[%clk 1:31:18]} d6 {[%clk
1:31:18]} 3. d4 {[%clk 1:31:36]} cxd4 {[%clk 1:31:42]} 4. Nxd4 {[%clk 1:32:01]}
Nf6 {[%clk 1:32:06]} 5. Nc3 {[%clk 1:32:18]} a6 {[%clk 1:32:31]} 6. Be3 {[%clk
1:27:43]} e6 {[%clk 1:32:42]} 7. Bd3 {[%clk 1:24:24]} b5 {[%clk 1:32:10]} 8. a3
{[%clk 1:20:16]} Bb7 {[%clk 1:31:47]} 9. f4 {[%clk 1:19:47]} Qc7 {[%clk
1:30:32]} 10. Qf3 {[%clk 1:18:13]} Nbd7 {[%clk 1:28:48]} 11. g4 {[%clk
1:09:22]} Nb6 {[%clk 1:27:23]} 12. g5 {[%clk 1:08:22]} Nfd7 {[%clk 1:27:45]}
13. Qh3 {[%clk 1:05:32]} g6 {[%clk 1:24:33]} 14. Rf1 {[%clk 1:03:37]} e5 {[%clk
1:20:40]} 15. Nde2 {[%clk 0:59:52]} exf4 {[%clk 1:08:01]} 16. Bd4 {[%clk
0:52:34]} Ne5 {[%clk 1:07:34]} 17. Nxf4 {[%clk 0:52:13]} Bg7 {[%clk 0:57:24]}
18. O-O-O {[%clk 0:46:40]} Rc8 {[%clk 0:53:35]} 19. Kb1 {[%clk 0:36:46]} h6
{[%clk 0:49:50]} 20. Bxe5 {[%clk 0:27:29]} Bxe5 {[%clk 0:46:20]} 21. Nxg6
{[%clk 0:25:50]} fxg6 {[%clk 0:44:15]} 22. Bxb5+ {[%clk 0:21:31]} axb5 {[%clk
0:40:51]} 23. Qe6+ {[%clk 0:21:46]} Qe7 {[%clk 0:40:15]} 24. Qxg6+ {[%clk
0:21:59]} Kd8 {[%clk 0:40:00]} 25. Rf7 {[%clk 0:21:24]} Qe8 {[%clk 0:39:24]}
26. gxh6 {[%clk 0:14:30]} Rc7 {[%clk 0:37:56]} 27. Rxd6+ {[%clk 0:12:15]} Bxd6
{[%clk 0:31:54]} 28. Qxd6+ {[%clk 0:12:35]} Nd7 {[%clk 0:31:40]} 29. Nxb5
{[%clk 0:12:23]} Rc6 {[%clk 0:31:48]} 30. Qf4 {[%clk 0:10:52]} Rhxh6 {[%clk
0:26:28]} 31. e5 {[%clk 0:10:45]} Rh5 {[%clk 0:12:02]} 32. Nd6 {[%clk 0:06:54]}
Rxd6 {[%clk 0:09:51]} 33. exd6 {[%clk 0:07:12]} Qe1+ {[%clk 0:09:38]} 34. Qc1
{[%clk 0:07:10]} Qxc1+ {[%clk 0:07:11]} 35. Kxc1 {[%clk 0:07:15]} Rxh2 {[%clk
0:07:26]} 36. b4 {[%clk 0:06:27]} Be4 {[%clk 0:06:26]} 37. Rf4 {[%clk 0:04:52]}
Rxc2+ {[%clk 0:03:40]} 38. Kd1 {[%clk 0:05:01]} Bg6 {[%clk 0:03:49]} 39. Rg4
{[%clk 0:05:06]} Bh5 {[%clk 0:03:16]} 40. Kxc2 {[%clk 0:05:28]} Bxg4 {[%clk
0:03:43]} 41. Kc3 {[%clk 0:04:23]} Nb6 {[%clk 0:02:58]} 42. Kd4 {[%clk
0:04:12]} Kd7 {[%clk 0:03:21]} 43. Kc5 {[%clk 0:03:32]} Na4+ {[%clk 0:03:44]}
44. Kd5 {[%clk 0:03:27]} Be6+ {[%clk 0:04:11]} 45. Ke5 {[%clk 0:03:44]} Nb6
{[%clk 0:04:38]} 46. Kd4 {[%clk 0:03:26]} Kxd6 {[%clk 0:05:03]} 47. Ke4 {[%clk
0:03:30]} Kc6 {[%clk 0:04:35]} 48. Ke5 {[%clk 0:03:39]} Bg8 {[%clk 0:04:58]}
49. Kd4 {[%clk 0:03:49]} Kb5 {[%clk 0:05:25]} 50. Ke4 {[%clk 0:03:51]} Nc4
{[%clk 0:05:45]} 51. Kd4 {[%clk 0:03:51]} Nxa3 {[%clk 0:06:10]} 52. Ke5 {[%clk
0:04:04]} Kxb4 {[%clk 0:06:35]} 53. Kd4 {[%clk 0:04:17]} Nc4 {[%clk 0:06:51]}
54. Ke4 {[%clk 0:04:20]} Be6 {[%clk 0:04:03]} 55. Kd4 {[%clk 0:04:15]} Bd7
{[%clk 0:01:13]} 56. Kd5 {[%clk 0:04:15]} Kb5 {[%clk 0:01:37]} 57. Ke4 {[%clk
0:03:49]} Kc5 {[%clk 0:01:57]} 58. Kf4 {[%clk 0:03:51]} Kd4 {[%clk 0:02:05]}
59. Kg5 {[%clk 0:03:20]} Ke5 {[%clk 0:02:21]} 60. Kg6 {[%clk 0:03:38]} Nd6
{[%clk 0:01:10]} 61. Kg5 {[%clk 0:03:42]} Bf5 {[%clk 0:01:11]} 62. Kh6 {[%clk
0:03:42]} Kf6 {[%clk 0:01:07]} 63. Kh5 {[%clk 0:04:02]} Be6 {[%clk 0:30:25]}
64. Kh4 {[%clk 0:33:43]} Ne4 {[%clk 0:30:49]} 65. Kh5 {[%clk 0:34:07]} Kf5
{[%clk 0:19:14]} 66. Kh6 {[%clk 0:34:07]} Nf6 {[%clk 0:19:28]} 67. Kg7 {[%clk
0:34:31]} Nd7 {[%clk 0:19:52]} 68. Kh8 {[%clk 0:34:26]} Kf6 {[%clk 0:20:12]}
69. Kh7 {[%clk 0:34:51]} Nf8+ {[%clk 0:20:33]} 70. Kh8 {[%clk 0:34:40]} Ng6+
{[%clk 0:20:59]} 71. Kh7 {[%clk 0:35:06]} Bc4 {[%clk 0:09:14]} 72. Kh6 {[%clk
0:35:23]} Bg8 {[%clk 0:09:42]} 73. Kh5 {[%clk 0:35:44]} Ne5 {[%clk 0:09:44]}
74. Kh4 {[%clk 0:34:19]} Bf7 {[%clk 0:10:10]} 75. Kg3 {[%clk 0:34:37]} Ng6
{[%clk 0:10:20]} 76. Kf3 {[%clk 0:34:51]} Be6 {[%clk 0:10:37]} 77. Ke4 {[%clk
0:35:03]} Ke7 {[%clk 0:11:03]} 78. Kd4 {[%clk 0:35:16]} Kd6 {[%clk 0:11:29]}
79. Ke4 {[%clk 0:35:25]} Kc5 {[%clk 0:11:55]} 80. Kd3 {[%clk 0:35:36]} Kb4
{[%clk 0:12:18]} 81. Kd4 {[%clk 0:35:43]} Kb5 {[%clk 0:11:33]} 82. Kd3 {[%clk
0:35:46]} Ka4 {[%clk 0:11:24]} 83. Ke4 {[%clk 0:36:01]} Kb3 {[%clk 0:11:44]}
84. Kd4 {[%clk 0:36:19]} Kb4 {[%clk 0:12:10]} 85. Kd3 {[%clk 0:36:36]} 1/2-1/2